000 00884nam a22002537a 4500
001 BR8700749
003 BR-BrBNA
005 20230928092349.0
007 ta
008 230509b bl.||||| |||| 00| 0 por d
040 _aBR-BrBNA
_bpor
_cBiblioteca Nacional de Agricultura
041 _a(Por)
072 _aF25
_b3855
_b/G514
090 _ 3855 BR8700749
100 1 _aMilani Filho, J. (comp.)
110 1 _aAssociacao de Credito e Assistencia Rural de Santa Catarina, Sao Miguel D'Oeste (Brasil). Escritorio Regional de Sao Miguel D'Oeste
_9453
245 1 _aAdubacao verde [Brasil]
260 3 _aSao Miguel D'Oeste, SC (Brasil):
_c1978.
300 _a11 p.
500 _a(*) Documento disponível no(a) Associacao de Credito e Assistencia Rural de Santa Catarina, Florianopolis (Brazil)
650 _aADUBACAO VERDE
909 _a202309
_bLucia
_c55
_dLucia Elande
942 _cBK
999 _c38586
_d38586